01164nam a2200313 i 450000500170000000700030001700800410002002000180006104000350007904100080011408200210012210000490014324501100019225000220030226400450032430000400036933600270040933700330043633800280046950400380049752100380053554500580057354600370063165000560066865000620072465000370078694200120082399900150083520220317002036.0ta201112s2017 ck ||||er|||| 00| 0dspa d a9789587741902 aCO-BoRNBPbspaerdacCO-BoRNBP0 aspa04a704.94bA45e2221 aAlmeida, María Claudia Ferreira deeautora10aEncajes ético, étnico y estético barte y literatura de negroscMaría Claudia Ferreira de Almeida aPrimera edición 1aBogotábUniversidad de los Andesc2018 a229 páginasbIlustracionesc21 cm 2rdacontentatextobtxt 2rdamediaasin mediaciónbn 2rdacarrieravolumenbnc aBibliografía: páginas 191-204 aRecomendado para público adulto aIncluye datos biográficos de la autora en la solapa aTexto en español y portugués172LEMBaArte negroxInvestigacioneszAmérica Latina172LEMBaLiteratura negraxInvestigacioneszAmérica Latina172LEMBaEtnicidadxInvestigaciones 2ddccBK c8993d8993